Länder Europas von 1956 bis 1964 (Mit Karte!) - Statistiken

Allgemein
  • Dieses Quiz wurde 1.466 mal gespielt
    1.463 seit der letzten Aktualisierung
  • Das Durchschnittsergebnis liegt bei 32 aus 33
Antworten auf der Karte
Die Antworten werden auf der Karte rot bzw. grün angezeigt, abhängig davon wie oft sie richtig erraten wurden.
 
Antwortstatistiken
Staat % Korrekt
Belgien
98%
Dänemark
98%
DDR
98%
Finnland
98%
Frankreich
98%
Irland
98%
Italien
98%
Luxemburg
98%
Niederlande
98%
Norwegen
98%
Österreich
98%
Polen
98%
Portugal
98%
Schweiz
98%
Spanien
98%
Vereinigtes Königreich
98%
Griechenland
97%
Island
97%
Schweden
97%
BRD
96%
Liechtenstein
96%
Sowjetunion
96%
Ungarn
96%
Vatikanstadt
96%
Albanien
95%
Andorra
95%
Bulgarien
95%
Monaco
95%
Rumänien
95%
San Marino
95%
Jugoslawien
93%
Tschechoslowakei
91%
Türkei
87%
Keine übereinstimmenden Quizze gefunden
Verteilung der Resultate
Anzahl Personen mit jedem Resultat
Perzentil nach korrekt beantworteten Fragen
Ihre Resultats-Entwicklung
Sie haben dieses Quiz seit der letzten Aktualisierung nicht gespielt